Lataa...

Broadcasting and Democracy in France

Bibliografiset tiedot
Päätekijä: Ruth Thomas
Aineistotyyppi: Printed Book
Julkaistu: Bradford University press U.K 1976
LEADER 00335nam a2200109 4500
082
100 |a Ruth Thomas 
245 |a Broadcasting and Democracy in France  |c Ruth Thomas 
260 |a Bradford University press U.K  |c 1976 
942 |c BK 
999 |c 194707  |d 194707 
952 |0 0  |1 0  |4 0  |7 0  |9 208056  |a DCI  |b DCI  |d 2019-10-29  |l 0  |p DCI1040  |r 2019-10-29  |w 2019-10-29  |y BK